MLB Top 5 AL Cy Young Voting 1980s - Statistics

General Stats
  • This quiz has been taken 25 times
  • The average score is 32 of 51
Answer Stats
Year Team Player % Correct
1986: 1 Red Sox Roger Clemens
100%
1987: 1 Red Sox Roger Clemens
100%
1985: 1 Royals Bret Saberhagen
92%
1989: 1 Royals Bret Saberhagen
92%
1984: 1 Tigers Willie Hernández
92%
1982: 4 Blue Jays Dave Stieb
88%
1989: 5 Rangers Nolan Ryan
88%
1988: 2 Athletics Dennis Eckersley
84%
1981: 3 Tigers Jack Morris
84%
1983: 3 Tigers Jack Morris
84%
1986: 5 Tigers Jack Morris
84%
1983: 5 Yankees Ron Guidry
84%
1985: 2 Yankees Ron Guidry
84%
1987: 3 Athletics Dave Stewart
80%
1988: 4 Athletics Dave Stewart
80%
1989: 2 Athletics Dave Stewart
80%
1982: 2 Orioles Jim Palmer
80%
1981: 1 Brewers Rollie Fingers
80%
1980: 3 Yankees Rich Gossage
72%
1981: 5 Yankees Rich Gossage
72%
1980: 4 Yankees Tommy John
72%
1984: 3 Indians Bert Blyleven
68%
1985: 3 Indians/Twins Bert Blyleven
68%
1989: 4 Angels Bert Blyleven
68%
1981: 5 Orioles Dennis Martínez
68%
1983: 1 White Sox LaMarr Hoyt
68%
1980: 1 Orioles Steve Stone
68%
1988: 1 Twins Frank Viola
64%
1980: 5 Royals Dan Quisenberry
56%
1982: 3 Royals Dan Quisenberry
56%
1983: 2 Royals Dan Quisenberry
56%
1984: 2 Royals Dan Quisenberry
56%
1985: 3 Royals Dan Quisenberry
56%
1987: 2 Blue Jays Jimmy Key
52%
1986: 2 Brewers Teddy Higuera
52%
1986: 3 Angels Mike Witt
48%
1981: 4 Brewers Pete Vuckovich
48%
1982: 1 Brewers Pete Vuckovich
48%
1988: 3 Royals Mark Gubicza
44%
1980: 2 Athletics Mike Norris
44%
1984: 4 Orioles Mike Boddicker
40%
1986: 4 Yankees Dave Righetti
36%
1987: 5 Mariners Mark Langston
36%
1988: 5 Red Sox Bruce Hurst
32%
1989: 3 Athletics Mike Moore
32%
1987: 4 Tigers Doyle Alexander
28%
1983: 4 White Sox Richard Dotson
28%
1985: 5 Royals Charlie Leibrandt
24%
1984: 5 Tigers Dan Petry
24%
1981: 2 Athletics Steve McCatty
16%
1982: 5 Indians Rick Sutcliffe
12%
No matching quizzes found
Score Distribution
Percent of People with Each Score
Percentile by Number Answered
Your Score History
You have not taken this quiz